| 000 | 00000nam##2200000za#4500 |
| 001 | 9.576635 |
| 003 | CaOODSP |
| 005 | 20210624185230 |
| 007 | cr ||||||||||| |
| 008 | 150406|1986||||xxc|||||o f|0| 0 eng|d |
| 040 | |aCaOODSP|beng |
| 043 | |an-cn--- |
| 086 | 1 |aFs97-13/612E-PDF |
| 110 | 1 |aCanada. |bDepartment of Fisheries and Oceans. |
| 245 | 10|aEpibenthic sled samples from Campbell River estuary and Discovery Passage 1984 / |h[electronic resource]|cby B.A. Kask and J.J. Brown. |
| 260 | |aNanaimo - British Columbia : |bFisheries and Oceans Canada |c1986. |
| 300 | |a145p.|bfigs., references, tables |
| 490 | 1 |aCanadian data report of fisheries and aquatic sciences|vNo. 612 |
| 500 | |aOn t.p.: Pacific Biological Station, Nanaimo, British Columbia. Catalogue number of the print edition appears in the PDF version. |
| 546 | |a(Résumé en français) |
| 590 | |a13-18-Supp|b2013-08-01 |
| 720 | 1 |aBrown, T. J. |
| 720 | 1 |aKask, B. A. |
| 830 | #0|aCanadian data report of fisheries and aquatic sciences ;|vNo. 612|w(CaOODSP)9.505124 |
| 856 | 40|ahttp://publications.gc.ca|qPDF|s2025 KB|uhttps://publications.gc.ca/collections/collection_2013/mpo-dfo/Fs97-13-612-eng.pdf|yNo. 612 |